| 000 | 00615nam a2200217Ia 4500 | ||
|---|---|---|---|
| 001 | 15146 | ||
| 003 | GE_BSU | ||
| 008 | 181216s||||||||xx |||||||||||||| ||und|| | ||
| 040 | _cGE_BSU | ||
| 080 | _a821.133.1-1 | ||
| 100 | _aლისაშვილი,იაკინთე | ||
| 245 | _aგაშლილი ფრონტით | ||
| 245 | _bლექსები | ||
| 260 | _aტფილისი | ||
| 260 | _bსახელგამი | ||
| 260 | _c1931 | ||
| 300 | _a60გვ.17სმ. | ||
| 653 | _aგაშლილი ფრონტით | ||
| 653 | _aლექსები | ||
| 942 | _cBK | ||
| 999 |
_c48262 _d48262 |
||